[Event "Southend Easter U1900 op 67th"]
[Site "Southend"]
[Date "2025.04.20"]
[Round "6"]
[White "Jiggins, Matthew"]
[Black "Neatherway, A Philip"]
[Result "0-1"]
[WhiteElo "1676"]
[BlackElo "1761"]
[PlyCount "64"]
[EventDate "2025.04.18"]
[EventType "swiss"]
[EventRounds "7"]
[EventCountry "ENG"]
[SourceTitle "CB18_2025"]
[SourceDate "2025.04.30"]
[SourceVersion "1"]
[SourceVersionDate "2025.04.30"]
[SourceQuality "1"]

1. Nf3 Nf6 2. d4 g6 3. c4 Bg7 4. Nc3 d5 5. cxd5 Nxd5 6. e4 Nxc3 7. bxc3 0-0 8. Rb1 c5 9. Be3 b6 10. Qc2 Qc7 11. dxc5 bxc5 12. Bc4 Nd7 13. Bd5 Rb8 14. 0-0 Rxb1 15. Rxb1 e6 16. Bc4 Nb6 17. Bd3 Rd8 18. Nd2 Bd7 19. Bb5 Bxb5 20. Rxb5 Nd7 21. h4 a6 22. Rb3 Ne5 23. f3 Qe7 24. Bg5 Bf6 25. f4 Bxg5 26. hxg5 Nd3 27. g3 c4 28. Rb1 Qc5+ 29. Kh2 Qf2+ 30. Kh3 Nxf4+ 31. Kg4 Rd3 32. Rf1 Qxg3# 0-1

[Event "Southend Easter U1700 rapid op 67th"]
[Site "Southend"]
[Date "2025.04.17"]
[Round "2"]
[White "Jiggins, Matthew"]
[Black "Xiong, Yichen"]
[Result "0-1"]
[WhiteElo "1567"]
[BlackElo "1626"]
[PlyCount "92"]
[EventDate "2025.04.17"]
[EventType "swiss (rapid)"]
[EventRounds "6"]
[EventCountry "ENG"]
[SourceTitle "CB18_2025"]
[SourceDate "2025.04.30"]
[SourceVersion "1"]
[SourceVersionDate "2025.04.30"]
[SourceQuality "1"]

1. e4 e6 2. d4 d5 3. e5 c5 4. c3 Nc6 5. Nf3 Qb6 6. a3 c4 7. Nbd2 Na5 8. Rb1 Nb3 9. Nxb3 cxb3 10. Nd2 Bd7 11. Qxb3 Qxb3 12. Nxb3 Ba4 13. Nc5 Bxc5 14. dxc5 Ne7 15. b3 Bc6 16. b4 0-0 17. b5 Bd7 18. Bd3 Rac8 19. Be3 Ng6 20. Bxg6 hxg6 21. 0-0 f6 22. exf6 gxf6 23. Rfd1 Rfd8 24. a4 Kf7 25. Rd3 Rc7 26. b6 axb6 27. cxb6 Rc4 28. Rb4 Rxb4 29. cxb4 Bxa4 30. Ra3 Bc6 31. Ra7 Rb8 32. Bc5 Ke8 33. Bd6 Rd8 34. Bc7 Rc8 35. h3 Kd7 36. b5 d4 37. bxc6+ Kxc6 38. Ra1 e5 39. Rd1 Ra8 40. f4 Kd5 41. fxe5 fxe5 42. Kh2 e4 43. Bf4 Ra6 44. Bg3 Rxb6 45. Rxd4+ Kxd4 46. Bf2+ e3 0-1